00804 2200277 4500001002100000005001700021008004100038020001700079035002400096082001000120090001700130100002200147245013700169250000600306260003800312300002400350504001200374650002100386700002300407990001200430990001200442990001800454990001800472990001800490990001800508YOGYA-0411000000102020110412105916.0 ind  a979-3721-0-5 0010-041100000001020 a297.6 a297.6bNas M aNasir,H.M. Ridwan aMencari tipologi format pendidikan ideal ; Pondok pesantren di tengah arus perubahan / H.M. Ridwan Nasir ; editor M. Adib Abdushomad a2 aYogjakartabPustaka Pelajarc2010 a380 hlmbilus 21 cm a343-354 aPondok Pesantren aAbdushomad,M. Adib aYOPDYOG aYOPDYOG a53609-PD/B.10 a53611-PD/B.10 a53609.PD/B.10 a53610-PD/B.10